00618 2200229 4500001002100000005001500021035002000036245004300056100001400099250001200113300003000125700002000155260004300175082001100218084001700229020002200246650002200268520003500290008004100325990001100366990001100377INLIS00000000000175020241204105347 a0010-12240000031 aNanti Juga Sembuh Sendiri /cHeloBagas0 aHeloBagas acet. 12 a164 hlm :bilust ;c19 cm0 aFina Anggriyani aYogyakarta :bGradien Mediatama,c2023 a155.25 a155.25 HEL n a978-602-208-224-8 4aPengembangan Diri aAs You Live for the First Time241204 0  a003641 a003642